01972cam a22004575i 4500999001700000001000900017003000900026005001700035006001900052008004100071020003500112020003400147020003300181020003000214040003800244082002300282245010900305246012700414250002000541264005200561300005400613336002600667336003300693337002800726337002300754338002700777338003400804490004000838500002600878650007900904650005900983650006101042650007501103650007001178650006701248651001001315653002301325655001701348942001201365952013701377 c25731d2570314282179EG-ScBUE20200104113907.0i||z|f ||h 00| 060301r20052000enka f 000 0 eng d a9780521775311 (student's book) a100521775310 (student's book) a9780521775304 (Cassette set) a0521775302 (Cassette set) aDLCbengerdacDLCdDLCdEG-ScBUE04a428.24076bCAM22200aCambridge IELTS.n2 :bexamination papers from the University of Cambridge local examinations syndicate.34aCambridge IELTS :bexamination papers from the University of Cambridge local examinations syndicate : with answers edition aNinth printing. 1aCambridge :bCambridge University Press,c2005. avolume 2 :billustrations ;c25 cm. +e1 cassette atextbtxt2rdacontent aspoken wordbspw2rdacontent aunmediatedbn2rdamedia aaudiobs2rdamedia avolumebnc2rdacarrier aaudiocassettebss2rdacarrier0 aCambridge books for Cambridge exams aFirst published 2000. 7aInternational English Language Testing SystemvStudy guides.2BUEsh913550 7aEnglish languagevExaminations, questions, etc.2BUEsh 7aEnglish languagevTextbooks for foreign speakers.2BUEsh 7aEnglish languagevSound recordings for foreign speakers.2BUEsh936029 7aEnglish languagevStudy and teaching as a second language.2BUEsh 7aEnglish languagexStudy and teachingxForeign speakers.2BUEsh 2BUEsh bHHUUEENNcJuly2019 vReading book 2ddccBB 00102ddc40708BaccahaMAINbMAINc2NDd2017-12-18ePurchasel2m13o428.24076 CAMp000042676r2025-07-15 00:00:00s2020-09-28yBB